| 000 | 02006nam0a22003851 4500 | ||
|---|---|---|---|
| 001 | v19\rc\1570488 | ||
| 005 | 20260608062712.0 | ||
| 035 | _a(NLR Aleph) 005228168 | ||
| 090 |
_a5576613 _c5576613 |
||
| 100 | _a20061002d1892 |||y0rusy50 ca | ||
| 101 | 0 | _arus | |
| 102 | _aRU | ||
| 105 | _ay z ||||| | ||
| 135 | _acoco 024aaaaa | ||
| 200 | 1 |
_aНа безлюдье _eКартины полярной зимы |
|
| 210 |
_aСанкт-Петербург _cА.С. Суворин _dценз. 1892 |
||
| 215 |
_a159 с. _d16 |
||
| 225 | 1 |
_aДешевая библиотека _v№ 142 |
|
| 300 | _aПеред загл. авт.: В.И. Немирович-Данченко | ||
| 300 | _aЭл.копия создана на основе экземпляра РГБ | ||
| 316 |
_aЭкз. РНБ (Л30/Б-1/15(алл. 2)): приплетен к: В.И. Немирович-Данченко. 1. В пустынях... Спб., 1892 _5NLR: Л, 30/Б-1/15(алл. 2) |
||
| 325 | _aКопия доступна в Электрон. б-ке РНБ http://vivaldi.nlr.ru/bx000007100/view | ||
| 482 | 0 |
_12001#$aВ пустынях... _1210##$aСанкт-Петербург$d1892 _1700#1$3RU\NLR\AUTH\779629$7ca$aНемирович-Данченко$bВ. И.$f1848-1936$gВасилий Иванович _tВ пустынях... _aНемирович-Данченко, Василий Иванович (1848-1936) |
|
| 532 | 1 | 3 | _aНа безлюдье |
| 700 | 1 |
_8rus _7ca _aНемирович-Данченко _bВ. И. _f1848-1936 _gВасилий Иванович _3RU\NLR\AUTH\779629 _9119446 |
|
| 801 | 0 |
_aRU _bNLR _c20061002 _gpsbo |
|
| 801 | 1 |
_aRU _bProSoft-M _c20061002 _2rusmarc |
|
| 801 | 2 |
_aRU _bNLR _c20101117 _2rusmarc |
|
| 852 |
_aNLR _j18.138.6.28 |
||
| 852 |
_aNLR _jЛ30/Б-1/15(алл. 2) |
||
| 942 | _cBOOK | ||
| 980 | _aNB | ||
| 981 | 3 | 3 |
_a(33) Художественная литература _b(33) Отечественная литература |